书目信息 |
| 题名: |
车尔尼钢琴练习曲弹奏指导
|
|
| 作者: | 车尔尼 作曲 ;李弦 编著 | |
| 分册: | ||
| 出版信息: | 上海 上海音乐出版社 2014 |
|
| 页数: | 331页 | |
| 开本: | 26cm | |
| 丛书名: | ||
| 单 册: | ||
| 中图分类: | J624.16 , J657.411 | |
| 科图分类: | ||
| 主题词: | 钢琴--gang qin--奏法--教学参考资料 , 钢琴--gang qin--练习曲--奥地利--近代--教学参考资料 | |
| 电子资源: | ||
| ISBN: | 978-7-5523-0443-5 | |
| 000 | 01054cam0 2200289 450 | |
| 001 | 340398 | |
| 005 | 20150625154945.71 | |
| 010 | @a978-7-5523-0443-5@dCNY48.00 | |
| 100 | @a20141112d2014 em y0chiy50 ea | |
| 101 | 0 | @achi |
| 102 | @aCN@b310000 | |
| 105 | @ag a 000yy | |
| 106 | @ar | |
| 200 | 1 | @a车尔尼钢琴练习曲弹奏指导@Ache er ni gang qin lian xi qu dan zou zhi dao@e作品599、139、849、299、718、740@f李弦编著 |
| 205 | @a修订版 | |
| 210 | @a上海@c上海音乐出版社@d2014 | |
| 215 | @a331页@c乐谱@d26cm | |
| 320 | @a有书目 (第331页) | |
| 330 | @a本书内容包括: 车尔尼钢琴初级教程 (作品599) 、车尔尼八度内进阶练习曲100首 (作品139) 、车尔尼钢琴快速练习曲 (作品299) 、车尔尼左手简易练习曲34首 (作品718) 等。 | |
| 606 | 0 | @a钢琴@Agang qin@x奏法@j教学参考资料 |
| 606 | 0 | @a钢琴@Agang qin@x练习曲@y奥地利@z近代@j教学参考资料 |
| 690 | @aJ624.16@v5 | |
| 690 | @aJ657.411@v5 | |
| 701 | 1 | @a车尔尼@ACheerni@g(Czerny, Carl),@f1791-1857@4作曲 |
| 702 | 0 | @a李弦@Ali xian@4编著 |
| 801 | 0 | @aCN@b卓展宏图@c20150525 |
| 905 | @dJ624.16@e271=2@f4 | |
| 车尔尼钢琴练习曲弹奏指导:作品599、139、849、299、718、740/李弦编著.-修订版.-上海:上海音乐出版社,2014 |
| 331页:乐谱;26cm |
| ISBN 978-7-5523-0443-5:CNY48.00 |
| 本书内容包括: 车尔尼钢琴初级教程 (作品599) 、车尔尼八度内进阶练习曲100首 (作品139) 、车尔尼钢琴快速练习曲 (作品299) 、车尔尼左手简易练习曲34首 (作品718) 等。 |
| ● |
| 相关链接 |
|
|
|
|
正题名:车尔尼钢琴练习曲弹奏指导
索取号:J624.16/271=2
 
预约/预借
| 序号 | 登录号 | 条形码 | 馆藏地/架位号 | 状态 | 备注 |
| 1 | 865513 | 208655132 | 第一样本阅览室/ [索取号:J624.16/271=2] | 在馆 | |
| 2 | 865514 | 208655141 | 第一借阅区/ [索取号:J624.16/271=2] | 在馆 | |
| 3 | 865515 | 208655150 | 第一借阅区/ [索取号:J624.16/271=2] | 在馆 | |
| 4 | 865516 | 208655169 | 第一借阅区/ [索取号:J624.16/271=2] | 在馆 |